Warthog : Flying The A-10 In The Gulf War
Saved in:
| Main Author: | |
|---|---|
| Format: | Book |
| Language: | English |
| Tags: |
Add Tag
No Tags, Be the first to tag this record!
|
| Call Number : |
MARC
| LEADER | 00000nam a22000007a 4500 | ||
|---|---|---|---|
| 001 | 106609 | ||
| 003 | MY-KlNDU | ||
| 008 | 250414b |||||||| |||| 00| 0 eng d | ||
| 020 | |a 9780028810218 | ||
| 040 | |a MY-KlNDU |b eng |c MY-KlNDU |e rda | ||
| 100 | |a William L. Smallwood | ||
| 245 | |a Warthog : Flying The A-10 In The Gulf War | ||
| 264 | |a USA | ||
| 336 | |a text \2 rdacontent | ||
| 337 | |a unmediated \2 rdamedia | ||
| 338 | |a volume \2 rdacarrier | ||
| 999 | |c 106609 |d 106609 | ||


